00994cam a2200301 a 450000100090000000300040000900500170001300800410003001000170007102000150008802500320010303500210013503700600015604000190021604200100023504300120024505000220025708200240027910000130030324500900031626000590040630000240046550400660048952000260055565000370058165100300061870000440064812145071OSt20200615125612.0000630s2000 ii b 001 0 eng  a 00289386  a8173042292 aI-E-00-289386; 60-13; 61-92 a(DLC) 00289386 bLibrary of Congress -- New Delhi Field OfficecRs750.00 aDLCcoclcdDLC alcode aa-ii---00aHN683b.F476 200000a306.0954221bJHA/F aJha, D N04aThe feudal order :bstate, society, and ideology in early medieval India /cD.N. Jha. aNew Delhi :bManohar Publishers & Distributors,c2000. ax, 539 p. ;c23 cm. aIncludes bibliographical references (p. [497]-526) and index. aContributed articles. 0aSocial conflictzIndiaxHistory. 0aIndiaxSocial conditions.1 aJha, D. N.q(Dwijendra Narayan),d1940-